Coordinate transcroptional induction of myo-inositol metabolism during environmental stress (Record no. 46102)

MARC details
000 -LEADER
fixed length control field 00502nam a2200169Ia 4500
100 ## - MAIN ENTRY--AUTHOR NAME
Personal name Ishitani Manabu
245 #0 - TITLE STATEMENT
Title Coordinate transcroptional induction of myo-inositol metabolism during environmental stress
260 ## - PUBLICATION, DISTRIBUTION, ETC. (IMPRINT)
Name of publisher Plant Journal
Year of publication 1996
300 ## - PHYSICAL DESCRIPTION
Number of Pages 537-548
700 ## - ADDED ENTRY--PERSONAL NAME
Personal name Bohnert Hans J
700 ## - ADDED ENTRY--PERSONAL NAME
Personal name Bornhouser Angela
700 ## - ADDED ENTRY--PERSONAL NAME
Personal name Jensen Richard G
700 ## - ADDED ENTRY--PERSONAL NAME
Personal name Majumder Arun Lahiri
700 ## - ADDED ENTRY--PERSONAL NAME
Personal name Michalowski Christine B
942 ## - ADDED ENTRY ELEMENTS (KOHA)
Koha item type Reprints
Holdings
Withdrawn status Lost status Damaged status Not for loan Home library Current library Date acquired Serial Enumeration / chronology Accession Number Koha item type
      Reprints RRII Library RRII Library 22/12/2021 Volume 9, Issue 4 P1415 Reprints